| 000 | 00785nam a22002177a 4500 | ||
|---|---|---|---|
| 005 | 20210325173935.0 | ||
| 008 | s2537 th tha d | ||
| 020 | _a9745101605 | ||
| 041 | _atha | ||
| 050 | _aTK7887.8.M63 ส263ค 2537 | ||
| 100 | 0 | _aสมพงษ์ บุญธรรมจินดา | |
| 245 | 1 | 0 | _aคู่มือติดตั้งและใช้งานโมเด็ม/แฟกซ์โมเด็มด้วยตนเอง |
| 260 | 3 |
_aกรุงเทพฯ : _bซีเอ็ดยูเคชั่น, _c2537 |
|
| 300 |
_a158 หน้า : _b ภาพประกอบ |
||
| 650 | 0 | 4 | _aแฟกซ์ |
| 650 | 0 | 4 | _aโมเด็ม |
| 850 | _aNALT | ||
| 942 | _cGB | ||
| 997 | _c000000000002727 | ||
| 998 | _aSOPAPORN | ||
| 999 |
_c2727 _d2727 |
||